movies with similar plots - Statistics

General Stats
  • This quiz has been taken 40 times
  • The average score is 10 of 18
Answer Stats
summary movie movie year % Correct
Iron Man 2008
95%
Avatar 2009
92%
Black Panther 2018
82%
A Bug's Life 1998
76%
An orphan boy living with his aunt and uncle, with no knowledge of his parents, is visited by a mentor figure with knowledge of his family's past who tells him that he is part of something special. His male and female companions on his resulting journey (eventually) end up falling in love. Harry Potter and the Sorcerer's [Philosopher's] Stone 2001
76%
An individualistic ant doesn't fit in with his colony but, when the colony is in danger, he must save them. Antz 1998
74%
The heir to an African kingdom has the throne usurped by a villainous relative. after a spiritual experience with his dead father, the rightful air returns and wins back control of the kingdom. The Lion King 1994
68%
Carrie 1976
66%
Taken 2008
63%
An amateur astronomy discovers an asteroid headed towards earth and a grizzled man must lead a team to stop it before it destroys the planet. Armageddon 1998
61%
A wealthy and intelligent man sustains a life-altering injury and, in his quest for a solution, becomes an MCU superhero. Doctor Strange 2016
53%
Two turn-of-the-century magicians use deception, obsession, and identity tricks to pursue love and professional supremacy. The Prestige 2006
53%
A girl who is mistreated by her family and at school develops telekinetic abilities. Matilda 1996
45%
Deep Impact 1998
37%
A New Hope 1977
32%
A father goes on a high-stakes journey across a long distance to save his kidnapped child. Finding Nemo 2003
24%
The Illusionist 2006
16%
A human man ends up in a similar form to the non-human native inhabitants of a threatened ecosystem. after falling in love with a woman from the native group, he helps them fight off human destruction of the ecosystem. Fern Gully 1992
5%
No matching quizzes found
Score Distribution
Percent of People with Each Score
Percentile by Number Answered
Your Score History
You have not taken this quiz